000 00465nam a2200169Ia 4500
003 GCL
008 140319s9999 xx 000 0 eng d
040 _aGCL /
_cGCL
082 0 4 _a664.928
_bP E
100 1 _aDUTSON, T R
245 1 0 _aEDIBLE MFAT BY-PRODCTS ADVANCES IN MEAT RESEARCH, VOLUM 5 /
_cDUTSON, T R
700 1 _aPEARSON,A M
260 _a[S.N] :
_bElsevier Applied Science ،
_c1988
300 _a439
650 0 4 _aMEAT PROCESSING
942 _2ddc
_cBK
999 _c15327
_d15327